Estonia City Quiz - Statistics

General Stats
  • This quiz has been taken 36 times
  • The average score is 4 of 5
Answer Stats
City % Correct
Tallinn
100%
Tartu
93%
Parnu
81%
Narva
67%
Kohtla-Jarve
30%
No matching quizzes found
Score Distribution
Percent of People with Each Score
Percentile by Number Answered
Your Score History
You have not taken this quiz